[Event "Biel Chess Festival"]
[Site "Biel SUI"]
[Date "2010.07.26"]
[EventDate "2010.07.19"]
[Round "7"]
[Result "1/2-1/2"]
[White "Maxime Vachier-Lagrave"]
[Black "Evgeny Tomashevsky"]
[WhiteElo "2723"]
[BlackElo "2708"]
[PlyCount "75"]

1. e4 e5 2. Nf3 Nc6 3. Bb5 a6 4. Ba4 Nf6 5. O-O Be7 6. Re1 b5
7. Bb3 d6 8. c3 O-O 9. h3 Nb8 10. d4 Nbd7 11. Nbd2 Bb7 12. Bc2
Re8 13. a4 Bf8 14. Bd3 c6 15. b4 Nb6 16. axb5 axb5 17. Rxa8
Qxa8 18. Nb3 Qc8 19. dxe5 dxe5 20. Be3 Qc7 21. Qc2 Bc8 22. Ra1
h6 23. Nfd2 Be6 24. Nc5 Bxc5 25. Bxc5 Nfd7 26. Be3 Qb7 27. Nb3
Ra8 28. Rxa8+ Qxa8 29. Na5 Qc8 30. Qd2 Qc7 31. f4 Nc4 32. Bxc4
Bxc4 33. fxe5 Nxe5 34. Bf4 Qe7 35. Qd4 Ng6 36. Bd6 Qe6
37. Nxc6 Nf4 38. Bxf4 1/2-1/2

[Event "Chess Olympiad"]
[Site "Khanty-Mansiysk RUS"]
[Date "2010.09.24"]
[EventDate "2010.09.21"]
[Round "4"]
[Result "1/2-1/2"]
[White "Nikola Sedlak"]
[Black "Maxime Vachier-Lagrave"]
[WhiteElo "2550"]
[BlackElo "2721"]
[PlyCount "59"]

1. d4 Nf6 2. c4 g6 3. g3 c6 4. Bg2 d5 5. Nf3 Bg7 6. Qb3 O-O
7. O-O Qb6 8. Nc3 Rd8 9. h3 Bf5 10. Bf4 Na6 11. c5 Qxb3
12. axb3 Nd7 13. Ra5 Be4 14. Nxe4 dxe4 15. Ne5 Bxe5 16. Bxe5
Nxe5 17. dxe5 Rd4 18. e3 Rd5 19. Bxe4 Rxc5 20. Rfa1 Kf8
21. Kg2 Rd8 22. b4 Rc4 23. Bxc6 Rxc6 24. b5 Rc2 25. bxa6 b6
26. R5a4 Rdd2 27. Rf4 e6 28. b4 g5 29. Rf3 Rc4 30. h4 1/2-1/2

[Event "Chess Olympiad"]
[Site "Khanty-Mansiysk RUS"]
[Date "2010.09.25"]
[EventDate "2010.09.21"]
[Round "5"]
[Result "1/2-1/2"]
[White "Maxime Vachier-Lagrave"]
[Black "Michael Adams"]
[WhiteElo "2721"]
[BlackElo "2728"]
[PlyCount "61"]

1. e4 e5 2. Nf3 Nc6 3. Bb5 a6 4. Ba4 Nf6 5. O-O Be7 6. Re1 b5
7. Bb3 O-O 8. c3 d5 9. exd5 Nxd5 10. Nxe5 Nxe5 11. Rxe5 c6
12. d4 Bd6 13. Re1 Qh4 14. g3 Qh3 15. Re4 g5 16. Qf1 Qh5
17. Nd2 Bf5 18. f3 Rae8 19. Rxe8 Rxe8 20. Ne4 Bxe4 21. fxe4
Rxe4 22. Bd1 g4 23. Qf2 Re6 24. Bd2 Nf6 25. Bb3 Ne4 26. Qg2
Nxd2 27. Qxd2 Rf6 28. Re1 c5 29. Bc2 cxd4 30. cxd4 Kg7 31. Re4
1/2-1/2

[Event "Chess Olympiad"]
[Site "Khanty-Mansiysk RUS"]
[Date "2010.09.28"]
[EventDate "2010.09.21"]
[Round "7"]
[Result "1/2-1/2"]
[White "Maxime Vachier-Lagrave"]
[Black "Alexey Shirov"]
[WhiteElo "2721"]
[BlackElo "2749"]
[PlyCount "98"]

1. d4 d5 2. c4 c6 3. Nf3 Nf6 4. Nc3 e6 5. Bg5 Nbd7 6. e3 Qa5
7. cxd5 Nxd5 8. Qd2 Bb4 9. Rc1 h6 10. Bh4 c5 11. a3 Bxc3
12. bxc3 b6 13. c4 Qxd2+ 14. Nxd2 Ne7 15. Bd3 Bb7 16. f3 f5
17. O-O Kf7 18. g4 g5 19. Bf2 h5 20. gxf5 exf5 21. h4 gxh4
22. Bxh4 Ng6 23. Bg3 h4 24. Bh2 cxd4 25. exd4 Kf6 26. c5 bxc5
27. Bb5 Rad8 28. Bc7 Rc8 29. Bd6 Rhd8 30. Bxd7 Rxd7 31. dxc5
Ne5 32. Bxe5+ Kxe5 33. Nc4+ Kf4 34. Nd6 Rg8+ 35. Kh2 Bd5
36. Rcd1 Bxf3 37. Rd4+ Ke5 38. Rd2 Rg3 39. Nc4+ Ke6 40. Rxd7
Kxd7 41. Ne5+ Kc7 42. Nxf3 Kc6 43. a4 Kxc5 44. Nxh4 Rg4
45. Nxf5 Rxa4 46. Kg3 a5 47. Ne3 Ra2 48. Kf3 a4 49. Ke4 Rd2
1/2-1/2

[Event "Chess Olympiad"]
[Site "Khanty-Mansiysk RUS"]
[Date "2010.09.29"]
[EventDate "2010.09.21"]
[Round "8"]
[Result "1/2-1/2"]
[White "Maxime Vachier-Lagrave"]
[Black "Ian Nepomniachtchi"]
[WhiteElo "2721"]
[BlackElo "2706"]
[PlyCount "90"]

1. d4 Nf6 2. c4 g6 3. Nc3 d5 4. cxd5 Nxd5 5. e4 Nxc3 6. bxc3
Bg7 7. Bc4 c5 8. Ne2 Nc6 9. Be3 O-O 10. O-O Qc7 11. Rc1 Rd8
12. Bf4 Qd7 13. d5 Na5 14. Bd3 b5 15. Be3 e6 16. Bxc5 exd5
17. e5 Bxe5 18. Bd4 Nc4 19. Bxc4 Bxd4 20. Bxb5 Bxf2+ 21. Rxf2
Qxb5 22. Nd4 Qd7 23. Qd3 a5 24. h4 Ba6 25. Qg3 Qd6 26. Qg5 Bd3
27. Rd1 Be4 28. Rdf1 Rf8 29. Rf6 Qa3 30. Nc6 Rae8 31. Ne5 Re7
32. h5 Qc5+ 33. R1f2 Qxc3 34. Ng4 Rb7 35. Nh6+ Kg7 36. Nxf7
Rb1+ 37. Kh2 Qa1 38. Qh6+ Kg8 39. Qe3 Rh1+ 40. Kg3 Rxf7
41. Rxf7 Qe5+ 42. Qf4 Qc3+ 43. Rf3 Qe1+ 44. Rf2 Qc3+ 45. Rf3
Qe1+ 1/2-1/2

[Event "European Club Cup"]
[Site "Plovdiv BUL"]
[Date "2010.10.17"]
[EventDate "2010.10.17"]
[Round "1"]
[Result "1-0"]
[White "Maxime Vachier-Lagrave"]
[Black "Zoran Stojcevski"]
[WhiteElo "2721"]
[BlackElo "2355"]
[PlyCount "77"]

1. e4 e5 2. Nf3 Nc6 3. Bb5 Bc5 4. O-O Qf6 5. c3 Nge7 6. Re1 d6
7. d4 Bb6 8. Na3 O-O 9. Nc4 h6 10. a4 a6 11. Nxb6 cxb6 12. Be2
Qg6 13. dxe5 dxe5 14. Qc2 f5 15. Be3 f4 16. Bxb6 Bh3 17. Bf1
Bg4 18. Kh1 Bxf3 19. gxf3 Qh5 20. Be2 Rf6 21. Rg1 Qh3 22. Rad1
Re8 23. Qd3 Nb8 24. Bc5 Kh7 25. Rg4 Nec6 26. Qc4 g5 27. Rd6
Kg6 28. Qd5 Rxd6 29. Qxd6+ Kg7 30. Bb6 Re7 31. Bd8 Rf7
32. Bxg5 hxg5 33. Rxg5+ Kh8 34. Qg6 Qh7 35. Rh5 Qxh5 36. Qxh5+
Kg7 37. Qg5+ Kf8 38. Bc4 Rd7 39. Bd5 1-0

[Event "Bundesliga 2010/11"]
[Site "Solingen GER"]
[Date "2010.11.13"]
[EventDate "2010.10.08"]
[Round "3"]
[Result "0-1"]
[White "Maxime Vachier-Lagrave"]
[Black "Jan Smeets"]
[WhiteElo "2721"]
[BlackElo "2669"]
[PlyCount "146"]

1. d4 d5 2. c4 c6 3. Nf3 Nf6 4. Nc3 e6 5. g3 dxc4 6. Bg2 b5
7. Ne5 a6 8. Nxc6 Qb6 9. Ne5 Bb7 10. e4 Bb4 11. O-O O-O 12. d5
Nbd7 13. Be3 Bc5 14. Bxc5 Qxc5 15. Nxd7 Nxd7 16. dxe6 Ne5
17. b4 Qxb4 18. Qd4 Nd3 19. Nd5 Bxd5 20. exd5 Qd6 21. exf7+
Rxf7 22. a4 Rb8 23. axb5 axb5 24. Rad1 Qb6 25. Qxb6 Rxb6
26. Rd2 b4 27. Be4 Nc5 28. d6 c3 29. Rd5 Nxe4 30. d7 Rxd7
31. Rxd7 c2 32. Rc7 b3 33. Kg2 b2 34. Rxc2 b1=Q 35. Rxb1 Rxb1
36. Rc4 Nf6 37. g4 Kf7 38. f3 Nd5 39. Rc5 Ke6 40. h4 Ke5
41. Ra5 h6 42. h5 Kd6 43. Ra7 Nc7 44. Ra3 Ne6 45. Kg3 Rb4
46. Ra6+ Ke7 47. Ra3 Nc5 48. Ra5 Kd6 49. Ra8 Rb3 50. Rf8 Ne6
51. Rf7 Rc3 52. Kf2 Rc2+ 53. Ke3 Rc7 54. Rf5 Ng5 55. f4 Ne6
56. g5 Rc5 57. Rf7 Rc3+ 58. Kf2 Rc7 59. Rf5 Rc5 60. Rf7 Rc7
61. Rf5 Rc5 62. Rf7 hxg5 63. f5 Nd8 64. Rxg7 Rxf5+ 65. Kg3 Ne6
66. h6 Rf1 67. h7 Rh1 68. Rf7 Ke5 69. Kg4 Rh4+ 70. Kg3 Nd4
71. Ra7 Nf5+ 72. Kg2 Kf6 73. Kf3 Kg6 0-1

[Event "World Blitz Championship"]
[Site "Moscow RUS"]
[Date "2010.11.16"]
[EventDate "2010.11.16"]
[Round "1.3"]
[Result "0-1"]
[White "Maxime Vachier-Lagrave"]
[Black "Boris Savchenko"]
[WhiteElo "2703"]
[BlackElo "2632"]
[PlyCount "88"]

1. e4 c5 2. Nf3 Nc6 3. Bb5 g6 4. O-O Bg7 5. c3 Nf6 6. d4 cxd4
7. cxd4 Nxe4 8. d5 Nd6 9. Ba4 b5 10. Bc2 Nb4 11. Bb3 Bb7
12. Nc3 Na6 13. Bf4 O-O 14. Bxd6 exd6 15. Nxb5 Qb6 16. Na3 Nc5
17. Nc4 Qb4 18. Nd4 Ba6 19. Nc2 Qb7 20. N2e3 Rab8 21. Re1 Kh8
22. Nxd6 Qb4 23. Nec4 Bxc4 24. Nxc4 a5 25. Ne3 a4 26. Bc4 Bxb2
27. Rb1 a3 28. Qf3 Qc3 29. d6 Kg7 30. Red1 f5 31. Qd5 Ne6
32. Bb5 Nf4 33. Qc4 Rfc8 34. Qxc3+ Rxc3 35. Bxd7 Rc5 36. Ba4
Ne2+ 37. Kf1 Nc3 38. d7 Rd8 39. Bc2 Nxa2 40. Rd5 Rxd5 41. Nxd5
Rxd7 42. Bb3 Nc1 43. Bc4 Rd6 44. Nb4 Rd1# 0-1

[Event "World Blitz Championship"]
[Site "Moscow RUS"]
[Date "2010.11.16"]
[EventDate "2010.11.16"]
[Round "2.9"]
[Result "1/2-1/2"]
[White "Ian Nepomniachtchi"]
[Black "Maxime Vachier-Lagrave"]
[WhiteElo "2720"]
[BlackElo "2703"]
[PlyCount "117"]

1. e4 c5 2. Nf3 e6 3. d4 cxd4 4. Nxd4 a6 5. Nc3 Nc6 6. Nxc6
bxc6 7. Qd3 d5 8. Bf4 Bd6 9. Bxd6 Qxd6 10. Qg3 Qxg3 11. hxg3
Nf6 12. Bd3 c5 13. O-O-O d4 14. Na4 Nd7 15. Rh5 g6 16. Rh6 Bb7
17. b3 Bc6 18. Nb2 Nf6 19. f3 Ke7 20. g4 Ng8 21. Rh2 h5 22. e5
Nh6 23. Rdh1 Bd5 24. Na4 c4 25. bxc4 Bc6 26. Nb6 Ra7 27. a4 a5
28. Kd2 Rb8 29. c5 Rc7 30. gxh5 g5 31. Nc4 Bxa4 32. Ra1 Rb4
33. Nb6 Bxc2 34. Bxc2 Rxc5 35. Na4 Rxe5 36. Ra3 g4 37. f4 Reb5
38. g3 Kd6 39. Ra2 Ke7 40. Kc1 Kf6 41. Nb2 Kg7 42. Nd3 Rc4
43. Ne5 Rc3 44. Rg2 Nf5 45. Kd2 Nxg3 46. Nxg4 Rxh5 47. Nf2 Kf8
48. Bd3 Nf5 49. Rxa5 Ne3 50. Rxh5 Nxg2 51. Nh3 Ra3 52. Be4 Ne3
53. Ng5 Nc4+ 54. Kc1 Rc3+ 55. Kd1 Nd6 56. Kd2 Rc5 57. Nh7+ Kg7
58. Rg5+ Kh6 59. Kd3 1/2-1/2

[Event "World Blitz Championship"]
[Site "Moscow RUS"]
[Date "2010.11.16"]
[EventDate "2010.11.16"]
[Round "5.1"]
[Result "1-0"]
[White "Maxime Vachier-Lagrave"]
[Black "Magnus Carlsen"]
[WhiteElo "2703"]
[BlackElo "2802"]
[PlyCount "149"]

1. e4 e5 2. Nf3 Nc6 3. Bb5 a6 4. Bxc6 dxc6 5. O-O Qf6 6. d4
exd4 7. Bg5 Qd6 8. Nxd4 Be7 9. Bxe7 Nxe7 10. Nc3 Bd7 11. Nb3
O-O-O 12. Qh5 Ng6 13. Rad1 Qe5 14. Qxe5 Nxe5 15. Nc5 Rhe8
16. b3 a5 17. f3 b6 18. Nxd7 Rxd7 19. Kf2 Rde7 20. Rd2 Kb7
21. Rfd1 c5 22. Nd5 Rd7 23. Ne3 Rxd2+ 24. Rxd2 Nc6 25. Rd7 Ne5
26. Rd5 Nc6 27. c3 a4 28. Nc4 axb3 29. axb3 Ne7 30. Rd7 Kc8
31. Rd2 f6 32. g4 Kb7 33. h4 Kc6 34. h5 Ra8 35. e5 b5 36. exf6
gxf6 37. Ne3 Ra3 38. Rb2 Kd6 39. f4 Ke6 40. Kf3 c6 41. g5 f5
42. Nc2 Ra8 43. Ne1 Nd5 44. c4 bxc4 45. bxc4 Ra3+ 46. Kf2 Nxf4
47. Rb7 Nh3+ 48. Ke2 Nxg5 49. Nd3 Ra2+ 50. Ke3 Rh2 51. Nxc5+
Kd6 52. Nd3 Rh3+ 53. Ke2 Rh4 54. Rg7 Ne6 55. Rxh7 Rxc4 56. h6
Rh4 57. Ne1 Ng5 58. Rg7 Ne6 59. Rh7 Rh2+ 60. Kd3 Rh3+ 61. Ke2
c5 62. Rh8 Ng5 63. Nd3 c4 64. Nf4 Rh2+ 65. Ke3 c3 66. Rd8+ Ke7
67. Rc8 Ne4 68. h7 c2 69. Rxc2 Rxc2 70. h8=Q Rc6 71. Qe5+ Kd8
72. Ne6+ Kd7 73. Nd4 Rc5 74. Qe6+ Kc7 75. Nxf5 1-0

[Event "World Blitz Championship"]
[Site "Moscow RUS"]
[Date "2010.11.16"]
[EventDate "2010.11.16"]
[Round "6.10"]
[Result "1-0"]
[White "Maxime Vachier-Lagrave"]
[Black "Fabiano Caruana"]
[WhiteElo "2703"]
[BlackElo "2709"]
[PlyCount "101"]

1. e4 e5 2. Nf3 Nc6 3. Bb5 a6 4. Ba4 Nf6 5. O-O Be7 6. Re1 b5
7. Bb3 d6 8. c3 O-O 9. h3 Nb8 10. d3 Bb7 11. Nbd2 Nbd7 12. Nf1
Nc5 13. Bc2 Re8 14. N3h2 d5 15. Qf3 Qd7 16. Ng3 Rad8 17. Ng4
Nxg4 18. hxg4 Bf8 19. Bg5 f6 20. Be3 Ne6 21. a4 b4 22. Qf5 Nf4
23. Rad1 Qxf5 24. gxf5 c5 25. cxb4 cxb4 26. Nf1 Kh8 27. g3
Nh3+ 28. Kg2 Ng5 29. f3 Rc8 30. Bb3 Bc5 31. Bxc5 Rxc5 32. Ne3
d4 33. Nc4 Nf7 34. Rh1 h6 35. Nb6 Nd6 36. Rc1 Rxc1 37. Rxc1
Nc8 38. Rc7 Nxb6 39. Rxb7 Nc8 40. Be6 h5 41. Kh3 Kh7 42. a5
Nd6 43. Rb6 Nb5 44. Rxa6 Nc7 45. Rc6 Nb5 46. Bc4 Nc3 47. bxc3
dxc3 48. Kh4 Ra8 49. Kxh5 Rxa5 50. Rc8 Ra1 51. Bg8+ 1-0

[Event "World Blitz Championship"]
[Site "Moscow RUS"]
[Date "2010.11.16"]
[EventDate "2010.11.16"]
[Round "7.2"]
[Result "1/2-1/2"]
[White "Sergey Karjakin"]
[Black "Maxime Vachier-Lagrave"]
[WhiteElo "2760"]
[BlackElo "2703"]
[PlyCount "129"]

1. Nf3 Nf6 2. g3 g6 3. Bg2 Bg7 4. O-O O-O 5. d3 d6 6. c4 c6
7. Nc3 Nbd7 8. Rb1 a5 9. e4 e5 10. h3 Nc5 11. b3 Nfd7 12. Bg5
f6 13. Be3 Ne6 14. d4 c5 15. dxc5 dxc5 16. Ne1 Nd4 17. Nd3 b6
18. Qd2 Nb8 19. f4 Nbc6 20. f5 Bb7 21. g4 Ne7 22. Rf2 Qd7
23. Rbf1 Rad8 24. Nd5 Bxd5 25. exd5 gxf5 26. Bxd4 cxd4
27. Rxf5 Nxf5 28. Rxf5 e4 29. Bxe4 Rfe8 30. Nf2 Qd6 31. Kg2
Re5 32. Qxd4 Rde8 33. Qd3 Bh6 34. Rxe5 Rxe5 35. Bxh7+ Kh8
36. Be4 Bf4 37. Qf3 Re7 38. h4 f5 39. gxf5 Rg7+ 40. Kf1 Qh6
41. f6 Qxf6 42. Qh5+ Bh6 43. Ke2 Qb2+ 44. Kf3 Qc3+ 45. Nd3
Qf6+ 46. Qf5 Qxh4 47. Ke2 Qh2+ 48. Nf2 Bg5 49. Kd3 Qg3+
50. Qf3 Qe5 51. Qf8+ Rg8 52. Qf5 Qg3+ 53. Qf3 Qh2 54. a3 Kg7
55. Qg4 Kh8 56. b4 axb4 57. axb4 Bh6 58. Qf5 Rg3+ 59. Kc2 Rg7
60. c5 bxc5 61. bxc5 Be3 62. Qf8+ Rg8 63. Qf6+ Rg7 64. Qf8+
Rg8 65. Qf6+ 1/2-1/2

[Event "World Blitz Championship"]
[Site "Moscow RUS"]
[Date "2010.11.16"]
[EventDate "2010.11.16"]
[Round "8.9"]
[Result "0-1"]
[White "Maxime Vachier-Lagrave"]
[Black "Peter Svidler"]
[WhiteElo "2703"]
[BlackElo "2722"]
[PlyCount "74"]

1. d4 Nf6 2. c4 g6 3. g3 Bg7 4. Bg2 O-O 5. Nf3 c6 6. O-O d5
7. Qb3 Qb6 8. Nc3 Rd8 9. Bf4 dxc4 10. Qxc4 Qxb2 11. Rab1 Qa3
12. Ng5 e6 13. e4 b5 14. Qd3 b4 15. Rb3 Qa6 16. Qf3 bxc3
17. Bxb8 c2 18. Qc3 h6 19. Nh3 e5 20. Bxe5 Nxe4 21. Qxc2 Bxe5
22. Qxe4 Bxd4 23. Nf4 Bf5 24. Qxc6 Qxc6 25. Bxc6 Rac8 26. Bf3
Rc2 27. Rb7 g5 28. g4 Bc8 29. Nd3 Bxb7 30. Bxb7 Bb6 31. Be4
Rxa2 32. Bf5 Rd2 33. Ne5 R8d5 34. Nc4 R2d4 35. Ne3 Re5 36. Kg2
Rf4 37. Nc2 Re2 0-1

[Event "World Blitz Championship"]
[Site "Moscow RUS"]
[Date "2010.11.16"]
[EventDate "2010.11.16"]
[Round "11.4"]
[Result "0-1"]
[White "Pavel Eljanov"]
[Black "Maxime Vachier-Lagrave"]
[WhiteElo "2742"]
[BlackElo "2703"]
[PlyCount "58"]

1. d4 Nf6 2. c4 g6 3. Nc3 d5 4. Nf3 Bg7 5. Bg5 Ne4 6. Bf4 c6
7. e3 Qa5 8. Qb3 O-O 9. Bd3 Na6 10. O-O Bf5 11. Rfd1 Nec5
12. dxc5 Nxc5 13. Bxf5 Nxb3 14. axb3 Qb6 15. Bc2 dxc4 16. Na4
Qb4 17. bxc4 Qxc4 18. Rac1 Rad8 19. Nc3 Qb4 20. Rb1 Rxd1+
21. Nxd1 Rd8 22. h3 e5 23. Bg5 f6 24. Bh4 e4 25. Nd4 c5
26. Ne6 Rd2 27. Rc1 Rxc2 28. Rxc2 Qe1+ 29. Kh2 Qxd1 0-1

[Event "World Blitz Championship"]
[Site "Moscow RUS"]
[Date "2010.11.16"]
[EventDate "2010.11.16"]
[Round "12.7"]
[Result "1/2-1/2"]
[White "Maxime Vachier-Lagrave"]
[Black "Alexander Grischuk"]
[WhiteElo "2703"]
[BlackElo "2771"]
[PlyCount "166"]

1. e4 e5 2. Nf3 Nc6 3. Bb5 a6 4. Bxc6 dxc6 5. O-O f6 6. d4 Bg4
7. c3 Bd6 8. Be3 Ne7 9. Nbd2 O-O 10. Qb3+ Kh8 11. dxe5 fxe5
12. Ng5 Qe8 13. Nc4 h6 14. f3 Bd7 15. Nxd6 cxd6 16. Ne6 Bxe6
17. Qxe6 Rd8 18. Rad1 Rf6 19. Qb3 Rd7 20. Rd2 Qg8 21. Rfd1
Qxb3 22. axb3 Kg8 23. h4 Kf7 24. h5 Ke8 25. Kf2 Re6 26. g3 Kd8
27. Bb6+ Ke8 28. b4 Nc8 29. Be3 Ne7 30. c4 Kf7 31. b3 Ke8
32. Rd3 Kf7 33. Bc1 Ke8 34. Ba3 d5 35. cxd5 cxd5 36. exd5 Red6
37. Bb2 Rxd5 38. Rxd5 Rxd5 39. Rxd5 Nxd5 40. Bxe5 Kf7 41. b5
axb5 42. f4 g6 43. hxg6+ Kxg6 44. g4 h5 45. gxh5+ Kxh5 46. Kf3
Kg6 47. Ke4 Ne7 48. Bd6 Nc6 49. b4 Kf6 50. Kd5 Kf5 51. Kc5 Ke6
52. Bc7 Kd7 53. Be5 Ne7 54. Kxb5 Nf5 55. Kc5 Ne7 56. b5 Nf5
57. Kd5 Ne7+ 58. Ke4 Ke6 59. Kd4 Nf5+ 60. Kc5 Kd7 61. Bf6 Ke6
62. Bc3 Kd7 63. Kd5 Nd6 64. b6 Nf7 65. f5 Nh6 66. f6 Nf7
67. Bd2 Nd8 68. Ke5 Nf7+ 69. Kf5 Nd6+ 70. Kg6 Ke8 71. Bf4 Nf7
72. Bc7 Nh8+ 73. Kh7 Nf7 74. Kg7 Ng5 75. Bf4 Nf7 76. Kg6 Nh8+
77. Kf5 Kd7 78. Be3 Nf7 79. Bd4 Nd6+ 80. Kg6 Ke8 81. Bc5 Nf7
82. Be3 Nd6 83. Bf4 Nf7 1/2-1/2

[Event "World Blitz Championship"]
[Site "Moscow RUS"]
[Date "2010.11.16"]
[EventDate "2010.11.16"]
[Round "13.6"]
[Result "1-0"]
[White "Ruslan Ponomariov"]
[Black "Maxime Vachier-Lagrave"]
[WhiteElo "2744"]
[BlackElo "2703"]
[PlyCount "67"]

1. d4 Nf6 2. Bf4 g6 3. Nc3 Bg7 4. e4 d6 5. Qd2 Nc6 6. Nf3 Bg4
7. d5 Nb8 8. Nd4 O-O 9. f3 e5 10. dxe6 Bxe6 11. O-O-O Nc6
12. Be3 Nd7 13. Kb1 Nde5 14. Be2 Bc4 15. f4 Bxe2 16. Qxe2 Nd7
17. h4 h5 18. g4 Nf6 19. gxh5 Nxh5 20. Qf2 Re8 21. Rhg1 Nf6
22. e5 Nh5 23. Nxc6 bxc6 24. f5 Rxe5 25. fxg6 f5 26. Bd4 Rb8
27. Rg5 c5 28. Bxe5 Bxe5 29. Qxf5 Qe8 30. Rxh5 Bxc3 31. Qd5+
Kg7 32. Rh7+ Kxg6 33. Qh5+ Kf6 34. Rf1+ 1-0

[Event "World Blitz Championship"]
[Site "Moscow RUS"]
[Date "2010.11.16"]
[EventDate "2010.11.16"]
[Round "14.5"]
[Result "0-1"]
[White "Maxime Vachier-Lagrave"]
[Black "Sergei Mushegovic Movsesian"]
[WhiteElo "2703"]
[BlackElo "2721"]
[PlyCount "33"]

1. e4 c5 2. Nf3 d6 3. d4 cxd4 4. Nxd4 Nf6 5. Nc3 e6 6. g4 h6
7. h3 a6 8. Be3 b5 9. Bd3 Bb7 10. Qe2 Nbd7 11. f3 b4 12. Nd1
d5 13. exd5 Nxd5 14. Nf2 Nc5 15. O-O-O Qa5 16. Bc4 Be7 17. Nb3
0-1

[Event "World Blitz Championship"]
[Site "Moscow RUS"]
[Date "2010.11.17"]
[EventDate "2010.11.16"]
[Round "15.5"]
[Result "1/2-1/2"]
[White "Boris Gelfand"]
[Black "Maxime Vachier-Lagrave"]
[WhiteElo "2741"]
[BlackElo "2703"]
[PlyCount "77"]

1. c4 g6 2. Nc3 c5 3. g3 Bg7 4. Bg2 Nc6 5. Nf3 e5 6. O-O Nge7
7. Ne1 O-O 8. Nc2 d6 9. Ne3 f5 10. d3 g5 11. Ned5 Ng6 12. e3
g4 13. f3 h5 14. Bd2 Be6 15. Qe2 Qd7 16. Rab1 Rae8 17. b4 b6
18. b5 Nd4 19. exd4 exd4 20. Ne4 fxe4 21. fxe4 Bxd5 22. cxd5
Rxf1+ 23. Qxf1 Rf8 24. Qe2 Kh7 25. a4 Bh6 26. Bxh6 Kxh6
27. Qd2+ Kg7 28. Qg5 Qe7 29. Qxh5 Ne5 30. Rf1 Rxf1+ 31. Bxf1
Qf6 32. Be2 Qh6 33. Qe8 Nf3+ 34. Bxf3 Qe3+ 35. Kh1 Qxf3+
36. Kg1 Qd1+ 37. Kg2 Qe2+ 38. Kg1 Qe3+ 39. Kg2 1/2-1/2

[Event "World Blitz Championship"]
[Site "Moscow RUS"]
[Date "2010.11.17"]
[EventDate "2010.11.16"]
[Round "16.6"]
[Result "1/2-1/2"]
[White "Maxime Vachier-Lagrave"]
[Black "Levon Aronian"]
[WhiteElo "2703"]
[BlackElo "2801"]
[PlyCount "52"]

1. e4 e5 2. Nf3 Nc6 3. Bb5 f5 4. d3 fxe4 5. dxe4 Nf6 6. O-O d6
7. Nc3 Be7 8. Bc4 Na5 9. Qd3 Nxc4 10. Qxc4 Qd7 11. Ng5 Rf8
12. Nd5 c6 13. Nxe7 Qxe7 14. Be3 h6 15. Nf3 Be6 16. Qd3 Kf7
17. Rad1 Rfd8 18. Nh4 Ng4 19. g3 Kg8 20. f4 d5 21. Ng6 Qe8
22. Nxe5 dxe4 23. Qc3 Rxd1 24. Rxd1 Rd8 25. Rxd8 Qxd8 26. Qd4
Qxd4 1/2-1/2

[Event "World Blitz Championship"]
[Site "Moscow RUS"]
[Date "2010.11.17"]
[EventDate "2010.11.16"]
[Round "17.7"]
[Result "1-0"]
[White "Rauf Mamedov"]
[Black "Maxime Vachier-Lagrave"]
[WhiteElo "2660"]
[BlackElo "2703"]
[PlyCount "83"]

1. g3 g6 2. Bg2 Bg7 3. Nf3 Nf6 4. O-O O-O 5. c4 c6 6. d4 d5
7. cxd5 cxd5 8. Nc3 Ne4 9. Be3 Nc6 10. Rc1 Bf5 11. Nh4 Nxc3
12. bxc3 Be6 13. Nf3 Qd7 14. Re1 Rac8 15. Bf4 Rfd8 16. h4 Bh3
17. h5 Na5 18. Be5 f6 19. hxg6 hxg6 20. Bf4 g5 21. Bd2 Bf5
22. Nh2 Nc4 23. e4 dxe4 24. Bxe4 Bxe4 25. Rxe4 e5 26. Re2 exd4
27. cxd4 Qxd4 28. Qb3 Kh7 29. Bc3 Qd5 30. Rce1 Nb6 31. Qb1+
Kg8 32. Bxf6 Qd3 33. Re8+ Rxe8 34. Rxe8+ Rxe8 35. Qxd3 Re1+
36. Kg2 Bxf6 37. Ng4 Bg7 38. Qg6 Kf8 39. Qxg5 Re6 40. Qf5+ Ke7
41. Ne3 Re5 42. Qf3 1-0

[Event "World Blitz Championship"]
[Site "Moscow RUS"]
[Date "2010.11.17"]
[EventDate "2010.11.16"]
[Round "18.4"]
[Result "1/2-1/2"]
[White "Maxime Vachier-Lagrave"]
[Black "Boris Grachev"]
[WhiteElo "2703"]
[BlackElo "2654"]
[PlyCount "84"]

1. e4 e6 2. d4 d5 3. Nd2 dxe4 4. Nxe4 Nd7 5. Nf3 Ngf6 6. Nxf6+
Nxf6 7. g3 b6 8. Bb5+ Bd7 9. Be2 Bc6 10. O-O Bd6 11. Ne5 Bxe5
12. dxe5 Qd5 13. Qxd5 Nxd5 14. a3 O-O-O 15. f3 h6 16. Kf2 Ne7
17. Be3 Nf5 18. Rad1 Nxe3 19. Kxe3 Bb7 20. Bd3 Rd5 21. f4 Rhd8
22. Be2 Rxd1 23. Bxd1 Kd7 24. h4 Ke7 25. Be2 a5 26. h5 f6
27. exf6+ Kxf6 28. g4 Rd7 29. Bd3 e5 30. fxe5+ Kxe5 31. Rf5+
Kd6 32. Kf4 Bd5 33. Re5 Re7 34. Rxe7 Kxe7 35. Ke5 Bf3 36. Bf5
Bc6 37. b4 axb4 38. axb4 Bf3 39. c4 Bc6 40. c5 bxc5 41. bxc5
Bf3 42. Kf4 Bd5 1/2-1/2

[Event "World Blitz Championship"]
[Site "Moscow RUS"]
[Date "2010.11.17"]
[EventDate "2010.11.16"]
[Round "19.8"]
[Result "0-1"]
[White "Dmitry Andreikin"]
[Black "Maxime Vachier-Lagrave"]
[WhiteElo "2683"]
[BlackElo "2703"]
[PlyCount "82"]

1. c4 g6 2. d4 Nf6 3. Nc3 Bg7 4. e4 d6 5. Nf3 O-O 6. h3 e5
7. d5 Nh5 8. Nh2 Qe8 9. Be2 Nf4 10. Bf3 Na6 11. g3 Nxh3
12. Ng4 f5 13. exf5 e4 14. Be2 Bxf5 15. Rxh3 h5 16. Be3 Nb4
17. Kf1 Nd3 18. Rh4 hxg4 19. Bxg4 Nxf2 20. Bxf2 e3 21. Kg2
exf2 22. Qd2 Qd7 23. Bxf5 Rxf5 24. Rf1 Raf8 25. Ne4 g5
26. Nxg5 Bf6 27. Rg4 Qg7 28. Rxf2 Bxg5 29. Rxf5 Bxd2 30. Rxg7+
Kxg7 31. Rh5 Be3 32. Rh4 Rf2+ 33. Kh3 Rxb2 34. Re4 Bg5 35. Re8
Rc2 36. Kg4 Bf6 37. Rc8 Rxc4+ 38. Kf5 Kf7 39. g4 Be5 40. Rd8
Rf4+ 41. Kg5 Bf6+ 0-1

[Event "World Blitz Championship"]
[Site "Moscow RUS"]
[Date "2010.11.17"]
[EventDate "2010.11.16"]
[Round "21.9"]
[Result "1/2-1/2"]
[White "Maxime Vachier-Lagrave"]
[Black "Ian Nepomniachtchi"]
[WhiteElo "2703"]
[BlackElo "2720"]
[PlyCount "69"]

1. d4 Nf6 2. c4 g6 3. g3 Bg7 4. Bg2 d5 5. cxd5 Nxd5 6. Nf3 O-O
7. O-O Nc6 8. e4 Nb6 9. d5 Na5 10. Nc3 c6 11. Bf4 cxd5
12. Nxd5 Nxd5 13. exd5 Nc4 14. Qb3 Nd6 15. Rfe1 Bf5 16. Be5
Rc8 17. Bxg7 Kxg7 18. Qe3 a6 19. g4 Bd7 20. Ne5 Rc7 21. Rac1
Rxc1 22. Rxc1 f6 23. Nxd7 Qxd7 24. Qe6 Rd8 25. h4 Nf7 26. Qe4
Qd6 27. Re1 Rd7 28. g5 f5 29. Qe3 Rc7 30. f4 Kf8 31. Kh1 Rc4
32. Rf1 Qc5 33. Qf3 Nd6 34. h5 Ne4 35. hxg6 1/2-1/2

[Event "World Blitz Championship"]
[Site "Moscow RUS"]
[Date "2010.11.17"]
[EventDate "2010.11.16"]
[Round "23.10"]
[Result "1/2-1/2"]
[White "Maxime Vachier-Lagrave"]
[Black "Vladimir Kramnik"]
[WhiteElo "2703"]
[BlackElo "2791"]
[PlyCount "71"]

1. g3 e5 2. Bg2 d5 3. d3 Nf6 4. Nf3 Nc6 5. O-O Bg4 6. Nbd2 Bc5
7. c4 d4 8. b4 Bxb4 9. Nxe5 Nxe5 10. Qa4+ Nc6 11. Bxc6+ bxc6
12. Qxb4 Nd7 13. Ne4 c5 14. Nxc5 a5 15. Qb5 O-O 16. Nxd7 Bxd7
17. Qd5 Re8 18. Re1 Bg4 19. Qxd8 Raxd8 20. f3 Bxf3 21. Bg5 f6
22. Bxf6 gxf6 23. exf3 Re3 24. Rad1 Rde8 25. Kf2 Kf7 26. g4
R8e7 27. h4 f5 28. Rxe3 Rxe3 29. Kg3 fxg4 30. Kxg4 Kf6 31. Kf4
a4 32. a3 h5 33. Rd2 c6 34. Rd1 Kg6 35. Rg1+ Kf6 36. Rd1
1/2-1/2

[Event "World Blitz Championship"]
[Site "Moscow RUS"]
[Date "2010.11.17"]
[EventDate "2010.11.16"]
[Round "24.1"]
[Result "1-0"]
[White "Magnus Carlsen"]
[Black "Maxime Vachier-Lagrave"]
[WhiteElo "2802"]
[BlackElo "2703"]
[PlyCount "95"]

1. d4 Nf6 2. Nf3 g6 3. Nbd2 d5 4. b4 Bg7 5. e3 O-O 6. Bb2 Bf5
7. c4 c6 8. Be2 Nbd7 9. O-O dxc4 10. Nxc4 Nb6 11. Na5 Rb8
12. a3 Nbd5 13. Rc1 Ne4 14. Nd2 Nxd2 15. Qxd2 Qd7 16. Rfe1
Rbc8 17. Bf1 Nf6 18. f3 e5 19. e4 Be6 20. Red1 Rfd8 21. Qe1
exd4 22. Bxd4 Qc7 23. Qg3 c5 24. Qxc7 Rxc7 25. Bxc5 Rdc8
26. Be3 Nd7 27. Nxb7 Bd4 28. Rxd4 Rxc1 29. Bxc1 Rxc1 30. Na5
Nb6 31. Kf2 Ra1 32. Rd3 Kg7 33. Rc3 Na4 34. Re3 Nb2 35. Be2
Ra2 36. Kg3 g5 37. b5 h5 38. h4 Kh6 39. hxg5+ Kxg5 40. f4+ Kh6
41. f5 Bd7 42. Nc6 Kg5 43. Nxa7 h4+ 44. Kh2 Na4 45. Nc6 Kf4
46. Rf3+ Kg5 47. Bc4 Rc2 48. Bb3 1-0